[Event "BL2-Sued 1516"]
[Site "Germany"]
[Date "2015.12.13"]
[Round "4.3"]
[White "Haag, Gregor"]
[Black "Cicak, Slavko"]
[Result "0-1"]
[WhiteElo "2263"]
[BlackElo "2507"]
[PlyCount "136"]
[EventDate "2015.09.20"]
[EventType "team-tourn"]
[EventRounds "9"]
[EventCountry "GER"]
[SourceTitle "EXT 2017"]
[Source "ChessBase"]
[SourceDate "2016.10.25"]
[SourceVersion "1"]
[SourceVersionDate "2016.10.25"]
[SourceQuality "1"]
[WhiteTeam "Brombach"]
[BlackTeam "Schott Mainz"]
[WhiteTeamCountry "GER"]
[BlackTeamCountry "GER"]

1. d4 Nf6 2. Nf3 g6 3. c4 Bg7 4. Nc3 0-0 5. e4 d6 6. Be2 c5 7. d5 Bg4 8. 0-0 Bxf3 9. Bxf3 Nbd7 10. Be3 Re8 11. Be2 e6 12. dxe6 Rxe6 13. f3 Ne5 14. Qd2 Nc6 15. Rad1 Qf8 16. Bd3 Ne8 17. Nd5 Bd4 18. Kh1 Bxe3 19. Qxe3 Ne7 20. Nf4 Qh6 21. Rfe1 Re5 22. Bf1 Nf5 23. Qd2 Nd4 24. Ne2 Qxd2 25. Rxd2 Nxe2 26. Rdxe2 Kf8 27. g3 a6 28. a3 b5 29. cxb5 axb5 30. Rd1 c4 31. Kg2 Ke7 32. Kf2 Nf6 33. Re3 Rc5 34. Rc1 Nd7 35. Rc2 Rh5 36. h4 Nc5 37. Be2 Re5 38. Rd2 Rd8 39. Rd1 Kd7 40. Rd4 Rde8 41. a4 Nxa4 42. b3 Nc5 43. bxc4 b4 44. Rd2 Kc7 45. Ra2 Rb8 46. Bd1 Ree8 47. Rb2 h6 48. Bc2 Rb6 49. Ke2 g5 50. h5 f6 51. Kd2 Ra8 52. Kc1 Ne6 53. Bd1 Ra1+ 54. Rb1 Rba6 55. Bb3 Kc6 56. Rd3 Nc5 57. Re3 R6a3 58. Rxa1 Rxa1+ 59. Kb2 Ra3 60. Kc2 Kd7 61. Kb2 Kc6 62. f4 gxf4 63. gxf4 Kd7 64. Kc2 Kc6 65. Rg3 Nxe4 66. Rg6 Nc5 67. Rxh6 Rxb3 68. Rxf6 Rh3 0-1

[Event "Barcelona Sant Marti op-A 17th"]
[Site "Barcelona"]
[Date "2015.07.20"]
[Round "8"]
[White "Cicak, Slavko"]
[Black "Ducarmon, Quinten"]
[Result "1/2-1/2"]
[WhiteElo "2514"]
[BlackElo "2475"]
[PlyCount "85"]
[EventDate "2015.07.13"]
[EventType "swiss"]
[EventRounds "9"]
[EventCountry "ESP"]
[SourceTitle "CBM 167 Extra"]
[Source "ChessBase"]
[SourceDate "2015.09.14"]
[SourceVersion "1"]
[SourceVersionDate "2015.09.14"]
[SourceQuality "1"]

1. e4 c6 2. d4 d5 3. exd5 cxd5 4. Bd3 Nc6 5. c3 Qc7 6. h3 Nf6 7. Nf3 g6 8. 0-0 Bf5 9. Bxf5 gxf5 10. c4 Bg7 11. Nc3 Rd8 12. Bg5 dxc4 13. Qa4 0-0 14. Qxc4 Qd7 15. Rad1 h6 16. Bh4 Nd5 17. Ne5 Qd6 18. Nxd5 Qxd5 19. Qxd5 Rxd5 20. Nxc6 bxc6 21. Bxe7 Rb8 22. Bc5 Rxb2 23. Rfe1 Rxa2 24. Re8+ Kh7 25. Re7 Ra5 26. Rb1 Rb5 27. Rc1 Kg6 28. Rxa7 f4 29. Ra4 Bf6 30. Kf1 Rb2 31. Rac4 Kf5 32. R1c2 Rxc2 33. Rxc2 f3 34. gxf3 Bxd4 35. Bxd4 Rxd4 36. Rxc6 Kg5 37. Kg2 h5 38. Rc5+ f5 39. Kg3 Ra4 40. Rc8 h4+ 41. Kg2 Kf4 42. Rh8 Kg5 43. Rg8+ 1/2-1/2

[Event "Barcelona Sant Marti op-A 17th"]
[Site "Barcelona"]
[Date "2015.07.18"]
[Round "6"]
[White "Rios, Cristhian Camilo"]
[Black "Cicak, Slavko"]
[Result "1/2-1/2"]
[WhiteElo "2435"]
[BlackElo "2514"]
[PlyCount "129"]
[EventDate "2015.07.13"]
[EventType "swiss"]
[EventRounds "9"]
[EventCountry "ESP"]
[SourceTitle "CBM 167 Extra"]
[Source "ChessBase"]
[SourceDate "2015.09.14"]
[SourceVersion "1"]
[SourceVersionDate "2015.09.14"]
[SourceQuality "1"]

1. d4 g6 2. c4 Bg7 3. Nf3 Nf6 4. Nc3 0-0 5. e4 d6 6. Be2 c5 7. d5 Bg4 8. 0-0 Bxf3 9. Bxf3 Nbd7 10. Be3 Re8 11. Rb1 e6 12. b4 exd5 13. cxd5 b6 14. bxc5 Nxc5 15. Rb4 Rc8 16. Qd2 a6 17. Rfb1 Nfd7 18. a4 a5 19. Rc4 Ne5 20. Rd4 Nxf3+ 21. gxf3 Bxd4 22. Bxd4 Nd7 23. Nb5 Ne5 24. Qe3 Qd7 25. Kg2 f5 26. exf5 Rcd8 27. fxg6 Nxg6 28. Qh6 Qf7 29. Rg1 Rd7 30. Kf1 Qf5 31. Rg4 Qd3+ 32. Kg2 Rf7 33. Rxg6+ Qxg6+ 34. Qxg6+ hxg6 35. Nxd6 Rd8 36. Nxf7 Kxf7 37. Bxb6 Rxd5 38. Kg3 Ke6 39. Kf4 Kd6 40. h4 Kc6 41. Ke4 Rf5 42. Bd8 Rc5 43. Kf4 Rd5 44. Bg5 Kc5 45. Ke4 Rd7 46. Ke5 Kb4 47. Ke6 Ra7 48. f4 Kxa4 49. f5 gxf5 50. h5 Kb3 51. Be7 a4 52. h6 Ra6+ 53. Bd6 a3 54. h7 a2 55. h8Q a1Q 56. Qxa1 Rxa1 57. Kxf5 Kc4 58. Ke6 Rh1 59. f4 Rh6+ 60. Ke5 Rh8 61. Ke6 Rh6+ 62. Ke5 Kb5 63. f5 Kc6 64. f6 Rxf6 65. Kxf6 1/2-1/2

[Event "Barcelona Sant Marti op-A 17th"]
[Site "Barcelona"]
[Date "2015.07.16"]
[Round "4"]
[White "Pomini, Aurelien"]
[Black "Cicak, Slavko"]
[Result "0-1"]
[WhiteElo "2298"]
[BlackElo "2514"]
[PlyCount "74"]
[EventDate "2015.07.13"]
[EventType "swiss"]
[EventRounds "9"]
[EventCountry "ESP"]
[SourceTitle "CBM 167 Extra"]
[Source "ChessBase"]
[SourceDate "2015.09.14"]
[SourceVersion "1"]
[SourceVersionDate "2015.09.14"]
[SourceQuality "1"]

1. e4 c5 2. Nf3 g6 3. d4 cxd4 4. Nxd4 Bg7 5. Nc3 Nc6 6. Be3 Nf6 7. Bc4 0-0 8. Bb3 e6 9. 0-0 a6 10. Nxc6 bxc6 11. Bc5 d5 12. Bxf8 Qxf8 13. Re1 a5 14. exd5 cxd5 15. Na4 Ba6 16. Qd2 Bb5 17. f3 Nd7 18. Rad1 Qc8 19. Kh1 Qc6 20. Nc3 Bxc3 21. bxc3 a4 22. Bxd5 exd5 23. Qxd5 Qxd5 24. Rxd5 Bc6 25. Rd6 Rc8 26. Red1 Nf8 27. Rd8 Rc7 28. Rb8 Bd7 29. Kg1 Kg7 30. Kf2 h5 31. h4 Nh7 32. Ke3 Nf6 33. Kd2 Be6 34. Rdb1 Nd5 35. R1b7 Rxc3 36. Ra7 Ra3 37. Rba8 Nb6 0-1

[Event "Barcelona Sant Marti op-A 17th"]
[Site "Barcelona"]
[Date "2015.07.14"]
[Round "2"]
[White "Morales, Jhon Alexander"]
[Black "Cicak, Slavko"]
[Result "1-0"]
[WhiteElo "2308"]
[BlackElo "2514"]
[PlyCount "65"]
[EventDate "2015.07.13"]
[EventType "swiss"]
[EventRounds "9"]
[EventCountry "ESP"]
[SourceTitle "CBM 167 Extra"]
[Source "ChessBase"]
[SourceDate "2015.09.14"]
[SourceVersion "1"]
[SourceVersionDate "2015.09.14"]
[SourceQuality "1"]

1. e4 c5 2. Nf3 d6 3. d4 cxd4 4. Nxd4 Nc6 5. Nc3 Nf6 6. Bg5 a6 7. Qd2 e5 8. Nf5 Bxf5 9. Bxf6 Qxf6 10. Nd5 Qh4 11. exf5 Qe4+ 12. Ne3 g6 13. Bd3 Qh4 14. g3 Qa4 15. Nd5 Rb8 16. c3 Be7 17. b4 Na7 18. 0-0 Qd7 19. f4 gxf5 20. fxe5 dxe5 21. Bxf5 Qd6 22. Rad1 Kf8 23. Qe3 Nb5 24. Nxe7 Qxe7 25. Qh6+ Kg8 26. Rd7 Qf8 27. Qh4 Re8 28. Rf3 Qg7 29. Be4 h6 30. Bd5 Rh7 31. Rfxf7 Qxf7 32. Rxf7 Rxf7 33. Qf6 1-0

[Event "BL2-Sued 1415"]
[Site "Germany"]
[Date "2014.11.09"]
[Round "3.2"]
[White "Brunner, Nicolas"]
[Black "Cicak, Slavko"]
[Result "1-0"]
[WhiteElo "2430"]
[BlackElo "2512"]
[PlyCount "81"]
[EventDate "2014.09.21"]
[EventType "team-tourn"]
[EventRounds "9"]
[EventCountry "GER"]
[SourceTitle "CBM 166 Extra"]
[Source "ChessBase"]
[SourceDate "2015.06.18"]
[SourceVersion "1"]
[SourceVersionDate "2015.06.18"]
[SourceQuality "1"]
[WhiteTeam "Untergrombach"]
[BlackTeam "Mainz Schott"]
[WhiteTeamCountry "GER"]
[BlackTeamCountry "GER"]

1. d4 Nf6 2. c4 g6 3. Nc3 Bg7 4. e4 0-0 5. Nf3 d6 6. Be2 c5 7. 0-0 Bg4 8. d5 Bxf3 9. Bxf3 Nbd7 10. Bg5 Ne8 11. Qd2 Nc7 12. Be2 Re8 13. f4 Qb8 14. Bd3 a6 15. a4 Qa7 16. Kh1 Qb6 17. a5 Qb4 18. e5 b5 19. Bxe7 Rxe7 20. exd6 bxc4 21. Bb1 Nb5 22. dxe7 Re8 23. f5 Nxc3 24. fxg6 hxg6 25. bxc3 Qxc3 26. Qxc3 Bxc3 27. Ra3 Be5 28. Ba2 Rxe7 29. Bxc4 Bd6 30. Rb3 Ne5 31. Bxa6 Ra7 32. Rb6 Bc7 33. Rb7 Rxb7 34. Bxb7 Bxa5 35. Ra1 Bd2 36. Ra2 Be3 37. d6 c4 38. Ra8+ Kg7 39. Rc8 Bd2 40. Bc6 Ba5 41. Ba4 1-0